00436nam a2200157Ia 4500008004100000020001800041082001600059100002000075245005500095250000700150260003900157300002300196500001900219600002000238650002000258240925s9999 xx 000 0 und d a9781425807382 a371.394 CON aNot - Available 0aActivities for a Differentiated Classroom: level 6 aNA aNew York:bShell Educationc,2011. a303p.b0fOriginal aIncludes Index aSocial Sciences aSocial Sciences